Statistics for Top 50 Most Popular Democratic Politicians

Click here to take the quiz!

General Stats

  • This quiz has been taken 105 times
  • The average score is 18 of 50

Answer Stats

#PoliticianState% Correct
5Joe BidenDelaware
98%
2Barack ObamaIllinois
96%
4Bill ClintonArkansas
94%
9Hillary ClintonNew York
93%
1Jimmy CarterGeorgia
90%
3Bernie SandersVermont
89%
14Kamala HarrisCalifornia
87%
8Al GoreTennessee
65%
6Elizabeth WarrenMassachusetts
65%
7Nancy PelosiCalifornia
63%
25Joseph P. Kennedy IIIMassachusetts
60%
40Patrick KennedyRhode Island
60%
11Alexandria Ocasio-CortezNew York
58%
19Pete ButtigiegIndiana
54%
20Chuck SchumerNew York
47%
30Andrew CuomoNew York
43%
16John KerryMassachusetts
42%
50Gavin NewsomCalifornia
40%
26Beto O'RourkeTexas
39%
18Cory BookerNew Jersey
37%
29Amy KlobucharMinnesota
35%
31Dianne FeinsteinCalifornia
31%
44Jerry BrownCalifornia
31%
28Walter MondaleMinnesota
29%
22Ilhan OmarMinnesota
28%
43Tim KaineVirginia
28%
38Kirsten GillibrandNew York
25%
37Tulsi GabbardHawaii
25%
32Michael BloombergNew York
23%
33Rashida TlaibMichigan
22%
35Tammy DuckworthIllinois
20%
45Barney FrankMassachusetts
17%
24Al FrankenMinnesota
16%
13Gabrielle GiffordsArizona
16%
46Harry ReidNevada
14%
49Sheila Jackson LeeTexas
14%
21Adam SchiffCalifornia
13%
39Barbara BoxerCalifornia
12%
23John LewisGeorgia
12%
17Andrew YangNew York
11%
34Joaquin CastroTexas
11%
27Julián CastroTexas
11%
15Maxine WatersCalifornia
6%
48Howard DeanVermont
5%
47Janet NapolitanoArizona
5%
36Andrew YoungGeorgia
4%
10Elijah CummingsMaryland
4%
41Donna BrazileLouisiana
1%
42Robert ReichPennsylvania
1%
12Madeleine AlbrightVirginia
0%

Score Distribution

Percentile by Number Answered

Percent of People with Each Score

Your Score History

You have not taken this quiz